<?xml version="1.0" encoding="UTF-8"?><marc:collection xmlns:marc="http://www.loc.gov/MARC21/slim">
  <marc:record>
    <marc:leader>00000nam  2200000za 4500</marc:leader>
    <marc:controlfield tag="001">9.697531</marc:controlfield>
    <marc:controlfield tag="003">CaOODSP</marc:controlfield>
    <marc:controlfield tag="005">20210624235525</marc:controlfield>
    <marc:controlfield tag="007">cr |||||||||||</marc:controlfield>
    <marc:controlfield tag="008">150407s2010||||xxc|||||o    f|0| 0 eng d</marc:controlfield>
    <marc:datafield tag="040" ind1=" " ind2=" ">
      <marc:subfield code="a">CaOODSP</marc:subfield>
      <marc:subfield code="b">eng</marc:subfield>
    </marc:datafield>
    <marc:datafield tag="043" ind1=" " ind2=" ">
      <marc:subfield code="a">n-cn---</marc:subfield>
    </marc:datafield>
    <marc:datafield tag="086" ind1="1" ind2=" ">
      <marc:subfield code="a">En56-173/2010E-PDF</marc:subfield>
    </marc:datafield>
    <marc:datafield tag="110" ind1="1" ind2=" ">
      <marc:subfield code="a">Canada.</marc:subfield>
      <marc:subfield code="b">Environment Canada. </marc:subfield>
      <marc:subfield code="b">Canadian Ice Service.</marc:subfield>
    </marc:datafield>
    <marc:datafield tag="245" ind1="1" ind2="0">
      <marc:subfield code="a">Sea ice climatic atlas </marc:subfield>
      <marc:subfield code="h">[electronic resource] : </marc:subfield>
      <marc:subfield code="b">Northern Canadian waters, 1981-2010 / </marc:subfield>
      <marc:subfield code="c">by Canadian Ice Service.</marc:subfield>
    </marc:datafield>
    <marc:datafield tag="260" ind1=" " ind2=" ">
      <marc:subfield code="a">Ottawa, Ont. : </marc:subfield>
      <marc:subfield code="b">Environment Canada, </marc:subfield>
      <marc:subfield code="c">[2011?]</marc:subfield>
    </marc:datafield>
    <marc:datafield tag="500" ind1=" " ind2=" ">
      <marc:subfield code="a">Digitized edition from print [produced by Environment and Climate Change Canada].</marc:subfield>
    </marc:datafield>
    <marc:datafield tag="500" ind1=" " ind2=" ">
      <marc:subfield code="a">Issued also in French under title: Atlas climatique des glaces de mer. Eaux du Nord canadien, 1981-2010.</marc:subfield>
    </marc:datafield>
    <marc:datafield tag="520" ind1=" " ind2=" ">
      <marc:subfield code="a">"This Ice Atlas follows from our previous Canadian arctic ice atlas published in 2002. The ice years 1980-81 through 2009-10 have been used for this publication and cover a climatological time period of 30 years, the standard for representing statistical averages and extremes. Once again we have chosen to group both the Canadian Arctic and the Hudson Bay regions into a single atlas. We hope that this will facilitate the understanding of climatic sea ice conditions in Northern Canadian Waters as a whole. In addition to what was contained in the previous atlas, we have added the 30 year Median of Ice Concentration When Ice Is Present."--Page 2 of 39 [Part 1], Introduction.</marc:subfield>
    </marc:datafield>
    <marc:datafield tag="590" ind1=" " ind2=" ">
      <marc:subfield code="a">13-10-Supp</marc:subfield>
      <marc:subfield code="b">2013-04-13</marc:subfield>
    </marc:datafield>
    <marc:datafield tag="692" ind1="0" ind2="7">
      <marc:subfield code="2">gccst</marc:subfield>
      <marc:subfield code="a">Seas</marc:subfield>
    </marc:datafield>
    <marc:datafield tag="692" ind1="0" ind2="7">
      <marc:subfield code="2">gccst</marc:subfield>
      <marc:subfield code="a">Atlases</marc:subfield>
    </marc:datafield>
    <marc:datafield tag="692" ind1="0" ind2="7">
      <marc:subfield code="2">gccst</marc:subfield>
      <marc:subfield code="a">Climate</marc:subfield>
    </marc:datafield>
    <marc:datafield tag="692" ind1="0" ind2="7">
      <marc:subfield code="2">gccst</marc:subfield>
      <marc:subfield code="a">Ice</marc:subfield>
    </marc:datafield>
    <marc:datafield tag="775" ind1="0" ind2="8">
      <marc:subfield code="t">Atlas climatique des glaces de mer. Eaux du Nord canadien, 1981-2010 </marc:subfield>
      <marc:subfield code="w">(CaOODSP)9.641618</marc:subfield>
    </marc:datafield>
    <marc:datafield tag="856" ind1="4" ind2="0">
      <marc:subfield code="a">http://publications.gc.ca</marc:subfield>
      <marc:subfield code="q">PDF</marc:subfield>
      <marc:subfield code="s">35445 KB</marc:subfield>
      <marc:subfield code="u">https://publications.gc.ca/collections/collection_2013/ec/En56-173-2010-3-eng.pdf</marc:subfield>
      <marc:subfield code="z">Part 3</marc:subfield>
    </marc:datafield>
    <marc:datafield tag="856" ind1="4" ind2="0">
      <marc:subfield code="a">http://publications.gc.ca</marc:subfield>
      <marc:subfield code="q">PDF</marc:subfield>
      <marc:subfield code="s">28982 KB</marc:subfield>
      <marc:subfield code="u">https://publications.gc.ca/collections/collection_2013/ec/En56-173-2010-5-eng.pdf</marc:subfield>
      <marc:subfield code="z">Part 5</marc:subfield>
    </marc:datafield>
    <marc:datafield tag="856" ind1="4" ind2="0">
      <marc:subfield code="a">http://publications.gc.ca</marc:subfield>
      <marc:subfield code="q">PDF</marc:subfield>
      <marc:subfield code="s">43563 KB</marc:subfield>
      <marc:subfield code="u">https://publications.gc.ca/collections/collection_2013/ec/En56-173-2010-2-eng.pdf</marc:subfield>
      <marc:subfield code="z">Part 2</marc:subfield>
    </marc:datafield>
    <marc:datafield tag="856" ind1="4" ind2="0">
      <marc:subfield code="a">http://publications.gc.ca</marc:subfield>
      <marc:subfield code="q">PDF</marc:subfield>
      <marc:subfield code="s">34464 KB</marc:subfield>
      <marc:subfield code="u">https://publications.gc.ca/collections/collection_2013/ec/En56-173-2010-4-eng.pdf</marc:subfield>
      <marc:subfield code="z">Part 4</marc:subfield>
    </marc:datafield>
    <marc:datafield tag="856" ind1="4" ind2="0">
      <marc:subfield code="a">http://publications.gc.ca</marc:subfield>
      <marc:subfield code="q">PDF</marc:subfield>
      <marc:subfield code="s">9691 KB</marc:subfield>
      <marc:subfield code="u">https://publications.gc.ca/collections/collection_2013/ec/En56-173-2010-1-eng.pdf</marc:subfield>
      <marc:subfield code="z">Part 1</marc:subfield>
    </marc:datafield>
    <marc:datafield tag="856" ind1="4" ind2="0">
      <marc:subfield code="q">PDF</marc:subfield>
      <marc:subfield code="s">140.31 MB</marc:subfield>
      <marc:subfield code="u">https://publications.gc.ca/collections/collection_2019/eccc/En56-173-2010-eng.pdf</marc:subfield>
      <marc:subfield code="z">All parts in one PDF</marc:subfield>
    </marc:datafield>
  </marc:record>
</marc:collection>
